| 000 | 00789nam a2200193 a 4500 | ||
|---|---|---|---|
| 001 | 50449 | ||
| 005 | 20180714035521.0 | ||
| 008 | 140415d 000 0 eng d | ||
| 020 | _a0534372147 | ||
| 041 | _aeng | ||
| 082 |
_a551.5 _bSTU |
||
| 100 | 1 | _aSTULL, ROLAND B. | |
| 245 | 1 | 0 |
_aMETEOROLOGY : _bFOR SCIENTIST AND ENGINEERS |
| 250 | _a2a ed. | ||
| 260 |
_a[s.l.] : _bBROOKS/COLE, _c[s.f.] |
||
| 300 |
_a441 _c21.3 x 2.8 x 27.6 |
||
| 520 | _aTHIS TEXTBOOK PROVIDES UNDERGRADUATE STUDENTS WITH A PHYSICAL AND QUANTITATIVE BACKGROUND IN GENERAL METEOROLOGY. IT IS DESINED FOR SCIENCE AND ENGINEERING MAJORS IN THEIR FIRST OR SECOND YEAR IN UNIVERSITY, AND DOES NOT REQUIERE KNOWLEDGE OF CALCULUS OR DIFFERENTIAL EQUATIONS. | ||
| 650 | 1 | 4 |
_aCLIMATOLOGIA _xMETEOROLOGIA |
| 999 |
_c50449 _d50449 |
||